000 00304nam a2200133Ia 4500
005 20251222142021.0
008 251222s9999||||xx |||||||||||||| ||spa||
020 _a958-04-6397-2
082 _a658.15/S79
100 _aStern Joel M.
245 0 _aEl DesafĂ­o del Eva:
264 _bNorma
942 _cLIB
999 _c10660
_d10660